[Event "Eliminacje_Strefowe_OP_SL_2024_C13"]
[Site "?"]
[Date "2024.09.14"]
[Round "8.1"]
[White "Staniczek, Kacper"]
[Black "Rajbharath, Harjith"]
[Result "0-1"]
[BlackElo "1813"]
[WhiteElo "1897"]
[LiveChessVersion "1.4.8"]

1. e4 {[%clk 1:30:56]} e6 {[%clk 1:30:47]} 2. d4 {[%clk 1:31:22]} d5
{[%clk 1:31:13]} 3. Nc3 {[%clk 1:31:48]} Nf6 {[%clk 1:31:36]} 4. Bg5
{[%clk 1:32:14]} dxe4 {[%clk 1:31:56]} 5. Nxe4 {[%clk 1:32:39]} Be7
{[%clk 1:32:20]} 6. Bxf6 {[%clk 1:33:04]} gxf6 {[%clk 1:32:25]} 7. Nf3
{[%clk 1:33:02]} f5 {[%clk 1:32:39]} 8. Ng3 {[%clk 1:32:58]} h5 {[%clk 1:32:49]}
9. Qd2 {[%clk 1:27:45]} h4 {[%clk 1:30:13]} 10. Ne2 {[%clk 1:28:07]} c5
{[%clk 1:29:03]} 11. O-O-O {[%clk 1:25:44]} Nc6 {[%clk 1:26:00]} 12. Qe3
{[%clk 1:17:39]} Qa5 {[%clk 1:19:01]} 13. Kb1 {[%clk 1:10:27]} Bd7
{[%clk 1:11:23]} 14. Nc3 {[%clk 1:04:39]} cxd4 {[%clk 1:04:51]} 15. Nxd4
{[%clk 1:04:08]} Nxd4 {[%clk 1:04:20]} 16. Qxd4 {[%clk 0:59:24]} O-O-O
{[%clk 1:04:35]} 17. Be2 {[%clk 0:55:38]} Rhg8 {[%clk 0:58:28]} 18. Bf3
{[%clk 0:53:49]} Bc6 {[%clk 0:57:55]} 19. Qc4 {[%clk 0:52:11]} Qc5
{[%clk 0:56:11]} 20. Rxd8+ {[%clk 0:32:38]} Rxd8 {[%clk 0:56:03]} 21. Qe2
{[%clk 0:31:39]} Bf6 {[%clk 0:54:06]} 22. Rd1 {[%clk 0:19:03]} Bxc3
{[%clk 0:49:28]} 23. Rxd8+ {[%clk 0:17:49]} Kxd8 {[%clk 0:49:46]} 24. bxc3
{[%clk 0:17:44]} Qxc3 {[%clk 0:49:43]} 25. Bxc6 {[%clk 0:18:02]} Qxc6
{[%clk 0:50:06]} 26. Qd2+ {[%clk 0:17:51]} Ke8 {[%clk 0:48:28]} 27. Qf4
{[%clk 0:13:48]} Qxg2 {[%clk 0:47:06]} 28. Qxh4 {[%clk 0:14:13]} Qg4
{[%clk 0:46:47]} 29. Qh8+ {[%clk 0:14:01]} Ke7 {[%clk 0:47:05]} 30. h4
{[%clk 0:06:35]} Qg1+ {[%clk 0:46:40]} 31. Kb2 {[%clk 0:07:02]} Qxf2
{[%clk 0:46:41]} 32. h5 {[%clk 0:06:46]} f4 {[%clk 0:46:54]} 33. h6
{[%clk 0:04:59]} f3 {[%clk 0:47:05]} 34. Qg7 {[%clk 0:01:56]} Qb6+
{[%clk 0:46:30]} 35. Kc1 {[%clk 0:01:47]} Qe3+ {[%clk 0:46:29]} 36. Kb2
{[%clk 0:01:55]} f2 {[%clk 0:46:41]} 37. Qg2 {[%clk 0:01:46]} Qe5+
{[%clk 0:45:25]} 38. Kb3 {[%clk 0:01:19]} Qb5+ {[%clk 0:45:41]} 0-1

[Event "Eliminacje_Strefowe_OP_SL_2024_C13"]
[Site "?"]
[Date "2024.09.14"]
[Round "8.2"]
[White "Dudek, Bartlomiej"]
[Black "Seemann, Adam"]
[Result "0-1"]
[BlackElo "1731"]
[WhiteElo "1558"]
[LiveChessVersion "1.4.8"]

1. e4 {[%clk 1:30:49]} c6 {[%clk 1:30:53]} 2. d4 {[%clk 1:30:58]} d5
{[%clk 1:31:14]} 3. Nc3 {[%clk 1:30:53]} dxe4 {[%clk 1:31:35]} 4. Nxe4
{[%clk 1:31:13]} Nf6 {[%clk 1:31:58]} 5. Qd3 {[%clk 1:31:08]} Nxe4
{[%clk 1:18:31]} 6. Qxe4 {[%clk 1:31:05]} e6 {[%clk 1:17:51]} 7. Nf3
{[%clk 1:26:48]} Nd7 {[%clk 1:15:12]} 8. Bd3 {[%clk 1:23:51]} Nf6
{[%clk 1:14:51]} 9. Qe2 {[%clk 1:22:38]} Qc7 {[%clk 1:11:53]} 10. c4
{[%clk 1:18:09]} Bd6 {[%clk 1:09:50]} 11. O-O {[%clk 1:15:21]} h6
{[%clk 1:08:30]} 12. b3 {[%clk 1:07:36]} O-O {[%clk 1:05:24]} 13. Bb2
{[%clk 1:05:09]} b6 {[%clk 0:50:37]} 14. Rac1 {[%clk 1:02:36]} Qe7
{[%clk 0:45:04]} 15. Ne5 {[%clk 0:58:02]} Bb7 {[%clk 0:41:17]} 16. Ba1
{[%clk 0:50:03]} c5 {[%clk 0:36:42]} 17. Ng4 {[%clk 0:42:42]} Nd7
{[%clk 0:30:19]} 18. f4 {[%clk 0:23:43]} Rfd8 {[%clk 0:23:16]} 19. d5
{[%clk 0:17:56]} h5 {[%clk 0:07:25]} 20. Ne5 {[%clk 0:11:05]} Nf6
{[%clk 0:07:08]} 21. g4 {[%clk 0:10:10]} exd5 {[%clk 0:05:17]} 22. g5
{[%clk 0:09:43]} Ng4 {[%clk 0:05:00]} 23. cxd5 {[%clk 0:07:00]} Bxe5
{[%clk 0:04:01]} 24. Bxe5 {[%clk 0:05:50]} Nxe5 {[%clk 0:04:08]} 25. Qxe5
{[%clk 0:05:52]} Qxe5 {[%clk 0:03:52]} 26. fxe5 {[%clk 0:06:17]} Bxd5
{[%clk 0:03:13]} 27. Be2 {[%clk 0:05:45]} g6 {[%clk 0:03:06]} 28. h4
{[%clk 0:05:53]} Be6 {[%clk 0:02:54]} 29. Rcd1 {[%clk 0:05:31]} Kf8
{[%clk 0:02:30]} 30. Rd6 {[%clk 0:05:11]} Ke7 {[%clk 0:02:13]} 31. Rfd1
{[%clk 0:05:30]} Rd7 {[%clk 0:02:14]} 32. Bb5 {[%clk 0:05:00]} Rxd6
{[%clk 0:01:52]} 33. exd6+ {[%clk 0:04:25]} Kd8 {[%clk 0:02:01]} 34. Kf2
{[%clk 0:04:07]} Bd7 {[%clk 0:01:17]} 35. Bc4 {[%clk 0:04:26]} Be6
{[%clk 0:01:10]} 36. Bb5 {[%clk 0:04:42]} a6 {[%clk 0:01:19]} 37. Bc6
{[%clk 0:04:45]} Rc8 {[%clk 0:01:34]} 38. Bb7 {[%clk 0:04:20]} Rb8
{[%clk 0:01:57]} 39. Bc6 {[%clk 0:04:36]} Bd7 {[%clk 0:01:33]} 40. Bd5
{[%clk 0:04:50]} Bg4 {[%clk 0:01:28]} 41. Re1 {[%clk 0:04:37]} Kd7
{[%clk 0:01:45]} 42. Kg3 {[%clk 0:04:04]} Be6 {[%clk 0:01:11]} 43. Bxe6+
{[%clk 0:03:33]} fxe6 {[%clk 0:01:40]} 44. Rd1 {[%clk 0:03:27]} Rf8
{[%clk 0:01:50]} 45. Kg2 {[%clk 0:03:14]} Rf4 {[%clk 0:01:40]} 46. Kg3
{[%clk 0:03:24]} Rf5 {[%clk 0:01:25]} 47. Kg2 {[%clk 0:03:18]} b5
{[%clk 0:01:33]} 48. Rd2 {[%clk 0:03:28]} c4 {[%clk 0:01:17]} 49. bxc4
{[%clk 0:03:32]} bxc4 {[%clk 0:01:39]} 50. Rc2 {[%clk 0:03:56]} Rc5
{[%clk 0:01:55]} 51. Kf3 {[%clk 0:04:07]} Kxd6 {[%clk 0:01:50]} 52. Ke4
{[%clk 0:04:11]} c3 {[%clk 0:02:02]} 53. Kd3 {[%clk 0:04:20]} Kd5
{[%clk 0:02:16]} 0-1

[Event "Eliminacje_Strefowe_OP_SL_2024_C13"]
[Site "?"]
[Date "2024.09.14"]
[Round "8.3"]
[White "Czeremcha, Piotr"]
[Black "Pawleta, Mateusz"]
[Result "1/2-1/2"]
[BlackElo "1767"]
[WhiteElo "1762"]
[LiveChessVersion "1.4.8"]

1. e4 {[%clk 1:31:00]} c5 {[%clk 1:30:44]} 2. c3 {[%clk 1:31:26]} d5
{[%clk 1:31:07]} 3. exd5 {[%clk 1:31:52]} Qxd5 {[%clk 1:31:26]} 4. d4
{[%clk 1:32:18]} Nc6 {[%clk 1:31:31]} 5. Nf3 {[%clk 1:32:40]} Nf6
{[%clk 1:24:36]} 6. Be2 {[%clk 1:30:20]} e6 {[%clk 1:23:40]} 7. O-O
{[%clk 1:30:21]} Be7 {[%clk 1:23:50]} 8. c4 {[%clk 1:30:40]} Qd8 {[%clk 1:23:56]}
9. dxc5 {[%clk 1:30:59]} O-O {[%clk 1:18:39]} 10. a3 {[%clk 1:30:39]} a5
{[%clk 1:18:37]} 11. Nc3 {[%clk 1:27:29]} Bxc5 {[%clk 1:15:55]} 12. Bg5
{[%clk 1:24:50]} Be7 {[%clk 1:12:15]} 13. Qc2 {[%clk 1:21:28]} Qc7
{[%clk 1:07:37]} 14. Nb5 {[%clk 1:19:49]} Qb8 {[%clk 1:07:05]} 15. Rfd1
{[%clk 1:14:40]} e5 {[%clk 1:05:54]} 16. Be3 {[%clk 1:11:47]} h6 {[%clk 0:52:38]}
17. Bb6 {[%clk 1:10:47]} Ne8 {[%clk 0:52:51]} 18. c5 {[%clk 0:58:42]} Bg4
{[%clk 0:43:05]} 19. Qe4 {[%clk 0:50:43]} Nf6 {[%clk 0:37:52]} 20. Qe3
{[%clk 0:48:18]} Ne8 {[%clk 0:29:27]} 21. h3 {[%clk 0:46:20]} Be6
{[%clk 0:29:34]} 22. Qc3 {[%clk 0:35:13]} Bf6 {[%clk 0:22:53]} 23. Qc2
{[%clk 0:31:39]} g6 {[%clk 0:17:31]} 24. Nd2 {[%clk 0:28:37]} a4 {[%clk 0:10:57]}
25. Bc4 {[%clk 0:26:53]} Bf5 {[%clk 0:10:22]} 26. Bd3 {[%clk 0:27:12]} Be6
{[%clk 0:10:17]} 27. Re1 {[%clk 0:16:50]} Bg7 {[%clk 0:09:17]} 28. Nc4
{[%clk 0:14:08]} Nd4 {[%clk 0:07:34]} 29. Nxd4 {[%clk 0:14:15]} exd4
{[%clk 0:07:59]} 30. Bxg6 {[%clk 0:13:21]} Qf4 {[%clk 0:06:31]} 31. Bd3
{[%clk 0:09:08]} Qg5 {[%clk 0:06:04]} 32. Qd2 {[%clk 0:08:53]} Qd5
{[%clk 0:03:23]} 33. Qf4 {[%clk 0:07:34]} Nf6 {[%clk 0:02:02]} 34. Nd6
{[%clk 0:06:14]} Qc6 {[%clk 0:01:19]} 35. Qxd4 {[%clk 0:02:24]} Nd7
{[%clk 0:00:36]} 36. Qe4 {[%clk 0:02:20]} Qxe4 {[%clk 0:00:34]} 37. Bxe4
{[%clk 0:02:10]} Bxb2 {[%clk 0:00:32]} 38. Rab1 {[%clk 0:02:12]} Bxa3
{[%clk 0:00:36]} 39. Nxb7 {[%clk 0:01:20]} Nxb6 {[%clk 0:00:32]} 40. Rxb6
{[%clk 0:01:10]} Rac8 {[%clk 0:00:34]} 41. Ra1 {[%clk 0:00:48]} Bxc5
{[%clk 0:00:47]} 42. Nxc5 {[%clk 0:01:13]} Rxc5 {[%clk 0:01:12]} 43. Rxa4
{[%clk 0:01:25]} Rfc8 {[%clk 0:01:10]} 44. Ra8 Rc1+ {[%clk 0:01:11]} 45. Kh2
{[%clk 0:01:34]} Rxa8 {[%clk 0:01:17]} 46. Bxa8 {[%clk 0:01:56]} Kg7
{[%clk 0:01:30]} 47. Kg3 {[%clk 0:01:53]} Rc3+ {[%clk 0:01:30]} 48. f3
{[%clk 0:01:50]} Rb3 {[%clk 0:01:07]} 49. Ra6 {[%clk 0:01:18]} Rb2
{[%clk 0:01:14]} 50. Ra3 {[%clk 0:01:07]} Ra2 {[%clk 0:01:08]} 51. Rxa2
{[%clk 0:01:20]} Bxa2 {[%clk 0:01:33]} 52. Kf4 {[%clk 0:01:04]} Kf6
{[%clk 0:01:29]} 53. h4 {[%clk 0:00:53]} Bb3 {[%clk 0:01:05]} 54. g4
{[%clk 0:01:02]} Bc4 {[%clk 0:00:58]} 55. Be4 {[%clk 0:01:15]} Bb3
{[%clk 0:00:59]} 56. Bf5 {[%clk 0:01:13]} Bd5 {[%clk 0:01:04]} 57. g5+
{[%clk 0:01:19]} hxg5+ {[%clk 0:01:29]} 58. hxg5+ {[%clk 0:01:44]} Kg7
{[%clk 0:01:51]} 59. Be4 {[%clk 0:02:04]} Bb3 {[%clk 0:01:50]} 60. Ke5
{[%clk 0:02:28]} Bd1 {[%clk 0:01:22]} 61. f4 {[%clk 0:01:21]} Bb3
{[%clk 0:00:59]} 62. f5 {[%clk 0:01:28]} Ba2 {[%clk 0:01:01]} 63. f6+
{[%clk 0:01:43]} Kf8 {[%clk 0:01:20]} 64. Kf5 {[%clk 0:01:10]} Be6+
{[%clk 0:01:35]} 65. Ke5 {[%clk 0:01:35]} Ba2 {[%clk 0:02:01]} 66. Kd6
{[%clk 0:02:02]} Bb3 {[%clk 0:01:48]} 67. Bh7 {[%clk 0:02:10]} Bc4
{[%clk 0:02:02]} 68. Ke5 {[%clk 0:02:19]} Bb3 {[%clk 0:02:17]} 69. Kf4
{[%clk 0:02:42]} Bc4 {[%clk 0:02:36]} 70. Kg4 {[%clk 0:02:46]} Be2+
{[%clk 0:02:19]} 71. Kh4 {[%clk 0:03:04]} Bd1 {[%clk 0:02:19]} 72. Bf5
{[%clk 0:03:27]} Bb3 {[%clk 0:02:35]} 73. Kh5 {[%clk 0:03:47]} Bd5
{[%clk 0:02:52]} 74. Kh6 {[%clk 0:03:51]} Bc4 {[%clk 0:03:02]} 75. Kh7
{[%clk 0:04:06]} Bd5 {[%clk 0:03:08]} 76. Kh8 {[%clk 0:04:32]} Bc4
{[%clk 0:03:08]} 77. Bh7 {[%clk 0:04:52]} Bb3 {[%clk 0:03:15]} 78. Bg8
{[%clk 0:05:17]} Bc2 {[%clk 0:03:35]} 79. Bh7 {[%clk 0:05:43]} Bb3 1/2-1/2

[Event "Eliminacje_Strefowe_OP_SL_2024_C13"]
[Site "?"]
[Date "2024.09.14"]
[Round "8.4"]
[White "Plowy, Karol"]
[Black "Smolinski, Wojciech"]
[Result "0-1"]
[BlackElo "1887"]
[WhiteElo "1638"]
[LiveChessVersion "1.4.8"]

1. e4 {[%clk 1:30:58]} c6 {[%clk 1:30:51]} 2. d4 {[%clk 1:31:14]} d5
{[%clk 1:31:13]} 3. Nc3 {[%clk 1:31:32]} dxe4 {[%clk 1:31:37]} 4. Nxe4
{[%clk 1:31:47]} Bf5 {[%clk 1:31:59]} 5. Ng3 {[%clk 1:31:58]} Bg6
{[%clk 1:32:21]} 6. h4 {[%clk 1:31:49]} h6 {[%clk 1:32:45]} 7. Nf3
{[%clk 1:32:12]} e6 {[%clk 1:33:08]} 8. Ne5 {[%clk 1:25:26]} Bh7 {[%clk 1:33:24]}
9. Bc4 {[%clk 1:20:35]} Nf6 {[%clk 1:33:07]} 10. Qe2 {[%clk 1:17:37]} Nd5
{[%clk 1:32:58]} 11. Bxd5 {[%clk 1:05:11]} Qxd5 {[%clk 1:22:06]} 12. Be3
{[%clk 1:03:12]} Nd7 {[%clk 1:11:49]} 13. Nxd7 {[%clk 0:55:55]} Qxd7
{[%clk 1:11:04]} 14. c4 {[%clk 0:38:12]} Qd8 {[%clk 1:01:59]} 15. h5
{[%clk 0:29:38]} Bd6 {[%clk 0:53:16]} 16. Qg4 {[%clk 0:19:49]} Bb4+
{[%clk 0:51:22]} 17. Ke2 {[%clk 0:16:20]} Qf6 {[%clk 0:47:40]} 18. Ne4
{[%clk 0:13:33]} Bxe4 {[%clk 0:47:11]} 19. Qxe4 {[%clk 0:13:52]} O-O
{[%clk 0:41:42]} 20. Rh3 {[%clk 0:07:15]} Qe7 {[%clk 0:29:32]} 21. Qh4
{[%clk 0:03:22]} Qxh4 {[%clk 0:25:11]} 22. Rxh4 {[%clk 0:03:51]} Be7
{[%clk 0:25:18]} 23. Rhh1 {[%clk 0:02:55]} Bf6 {[%clk 0:24:48]} 24. Rad1
{[%clk 0:02:46]} Rfd8 {[%clk 0:23:40]} 25. b3 {[%clk 0:02:27]} b5
{[%clk 0:21:29]} 26. Rd3 {[%clk 0:02:02]} bxc4 {[%clk 0:18:08]} 27. bxc4
{[%clk 0:02:29]} Rab8 {[%clk 0:18:25]} 28. Rhd1 {[%clk 0:00:49]} Rb4
{[%clk 0:17:08]} 29. d5 {[%clk 0:00:51]} Rxc4 {[%clk 0:14:05]} 30. dxc6
{[%clk 0:01:18]} Rxd3 {[%clk 0:14:07]} 31. Rxd3 {[%clk 0:01:23]} Rxc6
{[%clk 0:14:26]} 32. Bxa7 {[%clk 0:01:07]} Ra6 {[%clk 0:14:49]} 33. Rd7
{[%clk 0:00:54]} Rxa2+ {[%clk 0:14:54]} 34. Kf3 {[%clk 0:00:59]} Ra5
{[%clk 0:14:21]} 35. g4 {[%clk 0:01:12]} Ra3+ {[%clk 0:12:29]} 36. Be3
{[%clk 0:01:16]} Bg5 {[%clk 0:12:25]} 37. Rc7 {[%clk 0:00:49]} f5
{[%clk 0:10:26]} 38. gxf5 {[%clk 0:00:36]} exf5 {[%clk 0:10:50]} 39. Ke2
{[%clk 0:00:35]} Bxe3 {[%clk 0:09:37]} 40. fxe3 {[%clk 0:01:03]} Ra2+
{[%clk 0:09:18]} 41. Kf3 {[%clk 0:00:44]} Rh2 {[%clk 0:09:03]} 42. Rc8+
{[%clk 0:00:31]} Kf7 {[%clk 0:09:06]} 43. Rc7+ {[%clk 0:00:53]} Kg8
{[%clk 0:08:32]} 44. Kf4 {[%clk 0:00:32]} Rxh5 {[%clk 0:08:55]} 45. e4
{[%clk 0:00:45]} fxe4 {[%clk 0:09:16]} 46. Kxe4 {[%clk 0:01:13]} Kh7
{[%clk 0:09:26]} 47. Kf4 {[%clk 0:00:59]} Rb5 {[%clk 0:09:33]} 48. Rc4
{[%clk 0:00:43]} Kg6 {[%clk 0:09:06]} 49. Kg4 {[%clk 0:00:35]} Rb6
{[%clk 0:09:15]} 50. Rf4 {[%clk 0:00:45]} h5+ {[%clk 0:08:53]} 51. Kh4
{[%clk 0:01:06]} Kh6 {[%clk 0:09:08]} 52. Rc4 {[%clk 0:00:57]} g5+
{[%clk 0:09:05]} 53. Kg3 {[%clk 0:00:53]} Rb3+ {[%clk 0:09:29]} 54. Kh2
{[%clk 0:01:07]} h4 {[%clk 0:09:39]} 55. Rc6+ {[%clk 0:00:50]} Kh5
{[%clk 0:10:02]} 56. Rc4 Rb5 {[%clk 0:10:05]} 57. Ra4 {[%clk 0:00:38]} Rb2+
{[%clk 0:09:07]} 58. Kh1 {[%clk 0:00:43]} h3 {[%clk 0:08:17]} 59. Kg1
{[%clk 0:00:31]} g4 {[%clk 0:07:42]} 60. Kh1 {[%clk 0:00:33]} Kh4
{[%clk 0:07:45]} 61. Kg1 {[%clk 0:00:31]} Rd2 {[%clk 0:04:54]} 62. Ra5
{[%clk 0:00:31]} Rd1+ {[%clk 0:02:49]} 63. Kf2 {[%clk 0:00:43]} g3+
{[%clk 0:02:20]} 64. Kf3 {[%clk 0:00:46]} h2 {[%clk 0:02:02]} 65. Ra4+
{[%clk 0:00:43]} Kh3 {[%clk 0:02:11]} 0-1

[Event "Eliminacje_Strefowe_OP_SL_2024_C13"]
[Site "?"]
[Date "2024.09.14"]
[Round "8.5"]
[White "Myslowski, Tomasz"]
[Black "Reterski, Wiktor"]
[Result "1/2-1/2"]
[BlackElo "1621"]
[WhiteElo "1457"]
[LiveChessVersion "1.4.8"]

1. e4 {[%clk 1:30:59]} c5 {[%clk 1:30:56]} 2. Nc3 {[%clk 1:31:22]} e6
{[%clk 1:31:21]} 3. f4 {[%clk 1:31:29]} d5 {[%clk 1:31:29]} 4. Bb5+
{[%clk 1:31:28]} Bd7 {[%clk 1:31:51]} 5. Bxd7+ {[%clk 1:31:46]} Qxd7
{[%clk 1:32:13]} 6. d3 {[%clk 1:30:57]} Nc6 {[%clk 1:29:38]} 7. Nf3
{[%clk 1:28:06]} O-O-O {[%clk 1:14:52]} 8. O-O {[%clk 1:27:44]} Nf6
{[%clk 1:10:01]} 9. exd5 {[%clk 1:08:14]} Nxd5 {[%clk 1:07:36]} 10. Nxd5
{[%clk 1:07:43]} Qxd5 {[%clk 1:07:11]} 11. Qe2 {[%clk 1:00:12]} Be7
{[%clk 1:04:46]} 12. Re1 {[%clk 0:50:19]} h6 {[%clk 0:52:52]} 13. Qe4
{[%clk 0:36:02]} Qh5 {[%clk 0:39:47]} 14. Bd2 {[%clk 0:28:08]} g5
{[%clk 0:34:55]} 15. Bc3 {[%clk 0:21:16]} Rhg8 {[%clk 0:29:30]} 16. f5
{[%clk 0:19:58]} g4 {[%clk 0:23:30]} 17. Ne5 {[%clk 0:12:02]} exf5
{[%clk 0:22:37]} 18. Qc4 {[%clk 0:10:01]} Nxe5 {[%clk 0:11:13]} 19. Bxe5
{[%clk 0:08:59]} Rge8 {[%clk 0:09:17]} 20. Bf6 {[%clk 0:04:48]} Bxf6
{[%clk 0:07:28]} 21. Qxc5+ {[%clk 0:05:08]} Kb8 {[%clk 0:07:36]} 22. Rxe8
{[%clk 0:05:28]} Rxe8 {[%clk 0:07:42]} 23. Qd6+ {[%clk 0:05:52]} Ka8
{[%clk 0:08:05]} 24. Qxf6 {[%clk 0:06:12]} a6 {[%clk 0:06:39]} 25. Qc3
{[%clk 0:03:51]} Qh4 {[%clk 0:06:22]} 26. g3 {[%clk 0:02:33]} Qe7
{[%clk 0:06:47]} 27. Qd2 {[%clk 0:02:11]} Qe6 {[%clk 0:06:42]} 28. Kf1
{[%clk 0:01:19]} Qc6 {[%clk 0:06:15]} 29. Qg2 {[%clk 0:01:24]} Qe6
{[%clk 0:04:26]} 30. Qf2 {[%clk 0:01:41]} Qc6 {[%clk 0:04:09]} 31. Qg2
{[%clk 0:01:54]} Qxg2+ {[%clk 0:03:31]} 32. Kxg2 {[%clk 0:02:18]} Re2+
{[%clk 0:03:56]} 33. Kg1 {[%clk 0:02:21]} Rxc2 {[%clk 0:04:18]} 34. Rb1
{[%clk 0:00:33]} Rd2 {[%clk 0:04:36]} 35. Rf1 {[%clk 0:00:34]} Rxb2
{[%clk 0:03:36]} 36. Rf2 {[%clk 0:00:37]} Rb1+ {[%clk 0:02:52]} 37. Kg2
{[%clk 0:00:49]} Rd1 {[%clk 0:02:24]} 38. Rxf5 {[%clk 0:01:13]} Rxd3
{[%clk 0:02:13]} 39. Rxf7 {[%clk 0:01:37]} Rd2+ {[%clk 0:02:27]} 40. Rf2
{[%clk 0:00:58]} Rxf2+ {[%clk 0:02:14]} 41. Kxf2 {[%clk 0:01:23]} b5
{[%clk 0:02:39]} 42. Ke3 {[%clk 0:01:26]} Kb7 {[%clk 0:02:36]} 43. Kf4
{[%clk 0:01:51]} a5 {[%clk 0:02:56]} 44. Kxg4 {[%clk 0:02:16]} b4
{[%clk 0:03:09]} 45. Kf4 {[%clk 0:02:37]} a4 {[%clk 0:02:56]} 46. h4
{[%clk 0:02:33]} b3 {[%clk 0:03:20]} 47. axb3 {[%clk 0:03:01]} axb3
{[%clk 0:03:39]} 48. Kg4 {[%clk 0:02:59]} b2 {[%clk 0:03:58]} 49. Kh5
{[%clk 0:03:21]} b1=Q {[%clk 0:04:20]} 50. Kxh6 {[%clk 0:03:45]} Qf5
{[%clk 0:03:49]} 51. h5 {[%clk 0:03:51]} Qf7 {[%clk 0:03:49]} 52. g4
{[%clk 0:04:03]} Kc7 {[%clk 0:03:36]} 53. g5 {[%clk 0:04:29]} Kd7
{[%clk 0:02:54]} 54. g6 {[%clk 0:04:56]} Qg8 {[%clk 0:02:48]} 55. g7
{[%clk 0:05:17]} Ke7 {[%clk 0:00:44]} 56. Kg6 {[%clk 0:05:42]} Qe6+
{[%clk 0:00:34]} 57. Kh7 {[%clk 0:05:48]} Qe4+ {[%clk 0:00:34]} 58. Kh8
{[%clk 0:05:20]} Qe5 {[%clk 0:00:34]} 59. h6 {[%clk 0:05:45]} Kd7
{[%clk 0:00:35]} 60. Kh7 {[%clk 0:05:41]} Qe4+ {[%clk 0:00:34]} 61. Kh8
{[%clk 0:05:59]} Qe5 {[%clk 0:00:45]} 62. Kh7 {[%clk 0:06:18]} Qf5+
{[%clk 0:01:03]} 63. Kh8 {[%clk 0:06:34]} Qf6 {[%clk 0:01:01]} 64. Kh7
{[%clk 0:06:51]} Qf7 {[%clk 0:00:38]} 65. Kh8 {[%clk 0:07:14]} Qf6
{[%clk 0:00:40]} 66. Kh7 {[%clk 0:07:34]} Qe7 {[%clk 0:00:41]} 67. Kh8
{[%clk 0:07:54]} Qe5 {[%clk 0:00:52]} 68. Kh7 {[%clk 0:08:17]} Qe4+
{[%clk 0:01:20]} 69. Kh8 {[%clk 0:08:39]} Qd4 {[%clk 0:01:44]} 70. Kh7
{[%clk 0:09:01]} 1/2-1/2

[Event "Eliminacje_Strefowe_OP_SL_2024_C13"]
[Site "?"]
[Date "2024.09.14"]
[Round "8.6"]
[White "Biela, Jan"]
[Black "Musial, Bartosz"]
[Result "1/2-1/2"]
[BlackElo "1508"]
[WhiteElo "1561"]
[LiveChessVersion "1.4.8"]

1. d4 {[%clk 1:30:57]} d5 {[%clk 1:30:57]} 2. c4 {[%clk 1:31:14]} e6
{[%clk 1:31:22]} 3. Nf3 {[%clk 1:31:21]} Nf6 {[%clk 1:31:43]} 4. Nc3
{[%clk 1:31:39]} b6 {[%clk 1:17:56]} 5. Bg5 {[%clk 1:31:44]} Be7 {[%clk 1:17:25]}
6. e3 {[%clk 1:32:01]} Bb7 {[%clk 1:17:22]} 7. Bd3 {[%clk 1:31:52]} Nbd7
{[%clk 1:15:39]} 8. O-O {[%clk 1:29:13]} h6 {[%clk 1:15:23]} 9. Bh4
{[%clk 1:28:34]} O-O {[%clk 1:15:32]} 10. Re1 {[%clk 1:26:26]} c5
{[%clk 1:15:04]} 11. cxd5 {[%clk 1:25:46]} Nxd5 {[%clk 1:11:46]} 12. Bg3
{[%clk 1:25:31]} cxd4 {[%clk 1:09:49]} 13. Nxd5 {[%clk 1:23:16]} Bxd5
{[%clk 1:10:05]} 14. Nxd4 {[%clk 1:20:57]} Nc5 {[%clk 1:05:51]} 15. b3
{[%clk 1:18:44]} Nxd3 {[%clk 1:02:36]} 16. Qxd3 {[%clk 1:19:13]} Bd6
{[%clk 0:51:25]} 17. Nc6 {[%clk 1:13:12]} Bxc6 {[%clk 0:47:21]} 18. Bxd6
{[%clk 1:13:20]} Qg5 {[%clk 0:43:47]} 19. Bg3 {[%clk 1:12:21]} Rfd8
{[%clk 0:43:52]} 20. Qe2 {[%clk 1:09:17]} Qd5 {[%clk 0:39:09]} 21. f3
{[%clk 1:09:34]} Bb5 {[%clk 0:38:39]} 22. Qd1 {[%clk 1:06:43]} Qd2
{[%clk 0:38:07]} 23. Qxd2 {[%clk 1:06:06]} Rxd2 {[%clk 0:38:20]} 24. a4
{[%clk 1:05:26]} Ba6 {[%clk 0:38:11]} 25. Rad1 {[%clk 1:05:19]} Rad8
{[%clk 0:38:20]} 26. Rxd2 {[%clk 1:04:44]} Rxd2 {[%clk 0:37:52]} 27. Bb8
{[%clk 1:04:42]} Rd7 {[%clk 0:35:06]} 28. Rc1 {[%clk 1:03:32]} Kf8
{[%clk 0:34:27]} 29. Rc7 {[%clk 1:02:49]} Rxc7 {[%clk 0:34:37]} 30. Bxc7
{[%clk 1:03:18]} Bd3 {[%clk 0:34:48]} 1/2-1/2

[Event "Eliminacje_Strefowe_OP_SL_2024_C13"]
[Site "?"]
[Date "2024.09.14"]
[Round "8.7"]
[White "Kaluza, Jakub"]
[Black "Zaglowek, Blazej"]
[Result "1-0"]
[BlackElo "1499"]
[WhiteElo "1655"]
[LiveChessVersion "1.4.8"]

1. e4 {[%clk 1:30:59]} c5 {[%clk 1:30:53]} 2. Nf3 {[%clk 1:31:21]} e6
{[%clk 1:30:29]} 3. d4 {[%clk 1:31:08]} cxd4 {[%clk 1:30:53]} 4. Nxd4
{[%clk 1:31:27]} a6 {[%clk 1:31:04]} 5. Nc3 {[%clk 1:31:26]} b5 {[%clk 1:26:00]}
6. a3 {[%clk 1:29:41]} Bb7 {[%clk 1:24:53]} 7. g3 {[%clk 1:28:29]} Qc7
{[%clk 1:23:36]} 8. Bg2 {[%clk 1:26:40]} Nf6 {[%clk 1:20:25]} 9. O-O
{[%clk 1:25:17]} d6 {[%clk 1:11:21]} 10. Re1 {[%clk 1:20:58]} Be7
{[%clk 1:00:09]} 11. f4 {[%clk 1:14:28]} O-O {[%clk 0:46:18]} 12. Be3
{[%clk 1:04:05]} Nc6 {[%clk 0:41:26]} 13. Bf2 {[%clk 1:00:37]} Rfd8
{[%clk 0:35:56]} 14. Nf3 {[%clk 0:54:59]} Ng4 {[%clk 0:29:19]} 15. Qe2
{[%clk 0:47:54]} Nxf2 {[%clk 0:28:57]} 16. Qxf2 {[%clk 0:48:14]} Bf6
{[%clk 0:26:53]} 17. Nd1 {[%clk 0:38:00]} Rac8 {[%clk 0:23:49]} 18. c3
{[%clk 0:37:57]} Na5 {[%clk 0:19:46]} 19. Qc2 {[%clk 0:34:47]} Nc4
{[%clk 0:18:02]} 20. Nf2 {[%clk 0:34:14]} Qc5 {[%clk 0:14:49]} 21. Qe2
{[%clk 0:29:25]} Rd7 {[%clk 0:13:27]} 22. Kh1 {[%clk 0:29:07]} Na5
{[%clk 0:10:40]} 23. b4 {[%clk 0:28:32]} Qxc3 {[%clk 0:08:10]} 24. bxa5
{[%clk 0:28:36]} Qxa5 {[%clk 0:07:16]} 25. Ra2 {[%clk 0:29:02]} Rc3
{[%clk 0:06:16]} 26. Qd2 {[%clk 0:27:42]} Qc7 {[%clk 0:03:18]} 27. Rd1
{[%clk 0:25:45]} Be7 {[%clk 0:02:35]} 28. Nd4 {[%clk 0:24:13]} Qc5
{[%clk 0:01:54]} 29. Ne2 {[%clk 0:23:36]} Rxa3 {[%clk 0:01:28]} 30. Rxa3
{[%clk 0:22:55]} Qxa3 {[%clk 0:01:50]} 31. Nd3 {[%clk 0:23:14]} Qa4
{[%clk 0:01:15]} 32. Nc5 {[%clk 0:23:09]} Qc4 {[%clk 0:01:01]} 33. Nxd7
{[%clk 0:23:32]} Qc7 {[%clk 0:00:52]} 34. Ne5 {[%clk 0:23:32]} dxe5
{[%clk 0:00:33]} 35. Rc1 {[%clk 0:23:53]} Qd6 {[%clk 0:00:36]} 36. Qc2
{[%clk 0:23:55]} Bd8 {[%clk 0:00:37]} 37. Rd1 {[%clk 0:24:18]} Qe7
{[%clk 0:00:46]} 38. fxe5 {[%clk 0:24:44]} Bb6 {[%clk 0:00:38]} 39. Nd4
{[%clk 0:24:38]} Bxd4 {[%clk 0:00:33]} 40. Rxd4 {[%clk 0:25:03]} g6
{[%clk 0:00:34]} 41. Qf2 {[%clk 0:25:13]} Qg5 {[%clk 0:00:37]} 42. h4
{[%clk 0:25:22]} Qxe5 {[%clk 0:00:38]} 43. Rd7 {[%clk 0:25:28]} Qa1+
{[%clk 0:00:36]} 44. Kh2 {[%clk 0:25:54]} Qg7 {[%clk 0:00:37]} 45. Rd8+
{[%clk 0:26:18]} 1-0